| 000 | 00753nam a2200193 i 4500 | ||
|---|---|---|---|
| 001 | 73982 | ||
| 003 | ES-MaACL | ||
| 005 | 20260127062531.0 | ||
| 007 | t| | ||
| 008 | 040914s1917 sp ||||1| spa d | ||
| 100 | 1 |
_aGonzález Besada, Augusto, _d1865-1919 _958456 |
|
| 245 | 1 | 3 |
_aLa situación del crédito público ante la guerra / _cconferencia de Augusto González Besada pronunciada en la sesión pública de 11 de abril de 1917. |
| 260 |
_aMadrid : _b[s.n.], _c1917 ( _fJaime Ratés) |
||
| 300 |
_a41 p. ; _c22 cm. |
||
| 500 | _aPrecede al tit.: Real Academia de Jurisprudencia y Legislación. | ||
| 700 |
_aReal Academia de Jurisprudencia y Legislación de España _9217612 |
||
| 852 |
_aES-MaACL _j1863-F-9 _bR.21479 |
||
| 999 |
_c73982 _d73982 |
||